00916nam a2200253 a 450000100060000000300080000600500170001400800410003103500190007204000270009104100080011808200260012610000290015224500680018126000390024930000330028849000410032150400500036265000330041283000510044594200120049699900170050895201370052561680BD-RjUL20211209081006.0170121s1972 nyua b 001 0 eng d a(BD-RjUL)61804 aDLCcDLCdBD-RjULbeng aeng a551.515223bHOI 197210aHolton, James R.918371013aAn introduction to dynamic meteorology /c[by] James R. Holton. aNew York :bAcademic Press,cc1972 axi, 319 p. :bill. ;c24 cm.1 aInternational geophysics series,v16 aIncludes Bibliography: p. 309-311. and index  0aDynamic meteorology.9183711 0aInternational geophysics series ;v16.9199751 2ddccBK c61680d61680 00102ddc40718NFICaRUCLbRUCLcReadingd1980-05-06eHefferg13.15l0o551.515 HOI 1972r2017-01-21 00:00:00tC-1w2017-01-21yBK